000 00311nam a2200133 i 4500
001 bg
100 1 _aLEVICH, Benjamin G.
245 0 _aTheoretical physics /
_cBenjamin G. Levich.
260 _aAmsterdam,
_c1970.
040 _cBPK
041 _apol
942 _cKS
008 s pl f |000 0 pol
999 _c14037
_d14037
856 _uhttp://koha.tu.koszalin.pl/cgi-bin/koha/opac-detail.pl?biblionumber=14037
_yKatalog online BPK